=LDR 00000nam 2200000 4500 =001 INLIS000000000050373 =005 20170503085322 =035 ##$$a 0010-0517000026 =007 ta =008 170503###########################0###### =020 ##$$a 978-602-6348-52-4 =082 ##$$a 633.7 =084 ##$$a 633.7 MUB s =100 #$$a Mubayin, Ahmad =245 1#$$a Sukses membudidayakan tanaman coklat /$c Ahmad Mubayin =250 ##$$a Cet.1 =260 ##$$a Yogyakarta :$b Forest Publishing,$c 2016 =300 ##$$a 180 hlm. : $b Ilus ; $c 20,5 cm. =650 ##$$a Coklat, Budiddaya =990 ##$$a 76677667 =990 ##$$a 76677667 =990 ##$$a 31700435 =990 ##$$a 02201707667 =990 ##$$a 31700436 =990 ##$$a 31700435